| 000 | 01569cam a2200385 i 4500 | ||
|---|---|---|---|
| 001 | 25787 | ||
| 003 | Mx-PuUPA | ||
| 005 | 20250718144344.0 | ||
| 008 | 140415s2015 mx ad gr 001 0 spa d | ||
| 020 |
_a9786070269998 _qcolección rústica |
||
| 020 |
_a9786070269998 _qrústica |
||
| 040 |
_aMx-PuUPA _bspa _cMx-PuUPA _dMx-PuUPA _erda |
||
| 041 | 0 | _aspa | |
| 043 | _an-mx--- | ||
| 100 | 1 |
_aSalazar, Pedro, _d1971- _917338 _eautor |
|
| 245 | 1 | 0 |
_aEstado laico en un país religioso / _cPedro Salazar Ugarte, Paulina Barrera Rosales, Saúl Espino Armendáriz |
| 246 | 1 | 3 |
_aEstado laico en un país religioso : _bencuesta nacional de religión, secularización y laicidad |
| 250 |
_aPrimera edición / _bagosto |
||
| 264 | 1 |
_aMéxico, D.F. : _bUniversidad Nacional Autónoma de México, _c2015 |
|
| 300 |
_a230 páginas : _bilustraciones, gráficas ; _c23 cm |
||
| 336 |
_2rdacontent _atexto _btxt |
||
| 337 |
_2rdamedia _asin medio _bn |
||
| 338 |
_2rdacarrier _avolumen _bnc |
||
| 490 | 0 |
_aLos mexicanos vistos por sí mismos. Los grandes temas nacionales ; _v12 |
|
| 650 | 7 |
_2armarc _aIglesia y estado _zMéxico |
|
| 650 | 7 |
_2armarc _aLaicismo _zMéxico _ySiglo XXI |
|
| 650 | 7 |
_2armarc _aSecularismo _zMéxico |
|
| 650 | 7 |
_2armarc _aLibertad religiosa _zMéxico _ySiglo XXI |
|
| 700 | 1 |
_aBarrera Rosales, Paulina, _eautor |
|
| 700 | 1 |
_aEspino Armendáriz, Saúl, _eautor |
|
| 942 |
_2ddc _cLI _h322.10972 _iS55 |
||
| 999 |
_c25787 _d25787 |
||